1449 1820 1224 1728 1693 1922 1464 1064 1293 1768 1638 1299 1470 1243 1199 1578 1627 1314 1441 1121 1689 1962 1079 1565 1945 1727 1698 1308 1539 1201 1807 1387 1177 1284 1744 1753 1449 1586 1740 1900 1484 1266 1652 1350 1127 1930 1331 1367 1017 1127 1056 1193 1593 1032 1931 1016 1559 1597 1859 1401 1497 1919 1647 1337 1937 1426 1343 1499 1399 1269 1464 1744 1569 1234 1286 1413 1966 1612 1617 1278 1413 1547 1324 1692 1577 1052 1247 1064 1137 1243 1934 1207 1988 1513 1769 1158 1495 1938 1751 BCNSPRNW ULIB Ver.6.0+V

เปลี่ยนเป็นภาษาไทย

Change to English
 แสดงรายละเอียดบรรณานุกรม
  กลับหน้าหลัก

Brief Record : Get Marc (ISO 2709) : E-mail record : QR code < ปิดหน้าต่าง
LEADER : 00000nam 2200000uu 4500
001    13399111861
003     ULIB
008    110627s2551||||th 000 0 tha d
020    9789740485797
090    นว.^bอ543S 2551
100 0  อันโตนิโอ
245 00 Serenade...2/^cอันโตนิโอ
250    พิมพ์ครั้งที่ 1
260    กรุงเทพฯ :^bศรีสยามการพิมพ์,^c2551
300    366 หน้า
945    ^p220^l0^i023609
995    ทศพร
999 ^a ใช้งานได้ทุกระบบ
รายการนี้ยังไม่มีแท็ก
คุณยังไม่ได้ล็อกอิน คุณสามารถมีกิจกรรมร่วมกับเว็บไซต์ได้ แต่ต้องล็อกอินก่อน ::
  ล็อกอิน

รายการสื่อสารสนเทศ

ลำดับที่ ประเภท เลขเรียก/บาร์โค้ด สถานที่ สถานะ
- ไม่พบข้อมูล -

BibComment


ยังไม่เคยถูกคอมเมนท์

คอมเมนท์ทรัพยากรรายการนี้
  คอมเมนท์: Serenade2 อันโตนิโอ


 Copyright 2026. Bcnsprnw @Library